=LDR 00000nam 2200000 4500 =001 NUTBA000000000002676 =005 20140624145202.0 =006 =007 =008 =020 ##$$a 979-1211-14-0 =035 ##$$a 0010-061400000000619 =040 ##$$a NBPDMAT =082 ##$$a 628.443 8 =090 ##$$a 628.443 8 $b Agu d =100 ##$$a Agus Iskandar =245 ##$$a Daur ulang sampah / $c Agus Iskandar =260 ##$$a Jakarta : $b Azka Press, $c 2006 =300 ##$$a vi, 66 hlm. : $b ilus. ; $c 21 cm. =650 ##$$a Daur ulang sampah =990 ##$$a 21401682